000 01001nam a2200229Ia 4500
001 15399
005 20260408154510.0
008 260306t2014||||xx |||||||||||||| ||und||
041 _aESP
082 _a539
_bB28 V. 2 2014
100 _aBauer, Wolfgang
_eAUT
245 0 _aFísica para ingeniería y ciencias, con física moderna
260 _c2014
300 _a1443 páginas :
_c27 cm.
650 _aGEN
654 _aCCN
856 _uhttps://itmsp.museknowledge.com/UCSP?url=https://www.ebooks7-24.com:443/?il=703&pg=1
_zVersión digital
856 _uhttps://0u213vngc-y-https-ebooks7--24-com.itmsp.museknowledge.com/biblioteca.aspx
_zVéase además: Base de datos Ebook7-24
856 _uhttps://0u20fvngh-y-https-research-ebsco-com.itmsp.museknowledge.com/c/qxo6us/search
_zVéase además: Base de datos EBSCOhost
856 _uhttps://0u21dvngk-y-https-ebooks-editorialmacro-com.itmsp.museknowledge.com/library
_zVéase además: Base de datos Macro Digital
942 _cLIB
_dJUS
_fJUS
_2ddc
999 _c15399
_d15399